La población La Legua: desde la historia oral hacia la historia local
Guardat en:
| Autor corporatiu: | , |
|---|---|
| Format: | Llibre |
| Idioma: | espanyol |
| Publicat: |
Santiago
ECO
2012
|
| Col·lecció: | Colección 30 Años, 5
|
| Matèries: | |
| Etiquetes: |
Afegir etiqueta
Sense etiquetes, Sigues el primer a etiquetar aquest registre!
|
MARC
| LEADER | 00000cam a2200000 a 4500 | ||
|---|---|---|---|
| 001 | UCF3500 | ||
| 003 | CL-VaPUC | ||
| 008 | 121018e20120500CL |||||||||||||||||spa|d | ||
| 020 | |a 9789569182006 | ||
| 082 | 0 | 4 | |a 320.098331 |b ECO |2 21 |
| 110 | 2 | |a ECO |e author |9 565330 | |
| 710 | 2 | |a Educación y Comunicaciones |e author |9 565331 | |
| 245 | 1 | 3 | |a La población La Legua: desde la historia oral hacia la historia local |
| 300 | |a 206 P | ||
| 942 | |c BK | ||
| 945 | |d 20121018 00:00:00 |a dcastane | ||
| 260 | |a Santiago |b ECO |c 2012 | ||
| 650 | 0 | |a Sociología histórica |9 307548 | |
| 650 | 0 | |a Historia social |9 313638 | |
| 650 | 0 | |a Historia política |9 256974 | |
| 650 | 7 | |a MEMORIA LOCAL |2 CL-VaPUC |9 518596 | |
| 650 | 0 | |a Historia local |9 266584 | |
| 583 | |a last modification |c 20121018 14:27:00 |k Rodrigo Vera | ||
| 490 | 0 | |a Colección 30 Años, 5 | |
| 999 | |c 349803 |d 349801 | ||
| 952 | |0 0 |1 0 |4 0 |6 320_098331000000000_ECO_2012 |7 0 |8 A |9 452594 |a BIBHIS |b BIBHIS |d 2019-11-22 |i 4915674 |l 2 |o 320.098331 ECO 2012 |p 4915674 |r 2025-01-20 |s 2023-08-22 |w 2019-11-22 |y BK |k HIS | ||